000 01817nam a2200229Ia 4500
008 260220t1998||||xx |||||||||||||| ||spa||
040 _aPY-SlUNAC
_bspa
_erda
041 _aspa
082 _a333.7
_bD355d
245 0 _aDeclaración de Río sobre el medio ambiente y el desarrollo :
_bdeclaración sobre principios relativos a los bosques
264 _aNueva York :
_bNaciones Unidas,
_c℗1998.
300 _a1 volumen
520 _aLa "Declaración de Río sobre el medio ambiente y el desarrollo" es un documento fundamental que establece principios clave para la relación entre el desarrollo humano y la conservación del medio ambiente, enfatizando la necesidad de un equilibrio sostenible. Adoptada durante la Conferencia de las Naciones Unidas sobre el Medio Ambiente y el Desarrollo en 1992, esta declaración resalta la responsabilidad de los estados en la gestión sostenible de los recursos naturales y la importancia de la participación pública en la toma de decisiones ambientales. Además, incluye la "Declaración sobre principios relativos a los bosques", que aboga por la conservación y el manejo sostenible de los bosques a nivel global, reconociendo su rol crítico en la biodiversidad y el bienestar de las comunidades. La declaración subraya la interconexión entre el medio ambiente y el desarrollo social y económico, promoviendo la cooperación internacional y el compromiso de los gobiernos para enfrentar los desafíos ambientales contemporáneos, garantizando así un futuro sostenible para las generaciones venideras.
653 _aBosques
653 _aDesarrollo sostenible
653 _aMedio ambiente
942 _b2026/02/17
_cBK
999 _c7069
_d7069